Símbolos da Tabela Periódica - Statistics

Estatísticas Gerais
  • Esse quiz foi jogado 871 vezes
  • A pontuação média é 60 de 117
Estatísticas das Respostas
Number Resposta % Correto
1 H
98%
6 C
95%
5 B
94%
7 N
94%
8 O
94%
15 P
92%
9 F
91%
16 S
90%
2 He
88%
52 I
86%
19 K
86%
3 Li
86%
12 Mg
78%
11 Na
77%
4 Be
75%
20 Ca
75%
17 Cl
74%
35 Br
73%
29 Cu
73%
91 U
73%
23 V
72%
18 Ar
71%
13 Al
70%
10 Ne
70%
78 Au
69%
27 Co
68%
39 Y
68%
87 Ra
67%
26 Fe
66%
28 Ni
66%
73 W
66%
47 Ag
65%
31 Ga
65%
34 Se
63%
14 Si
63%
25 Mn
62%
83 Po
62%
53 Xe
62%
22 Ti
61%
55 Ba
60%
24 Cr
60%
33 As
59%
51 Te
59%
32 Ge
58%
86 Fr
57%
57 Ce
55%
56 La
54%
30 Zn
54%
98 Es
53%
44 Ru
53%
42 Mo
52%
72 Ta
51%
54 Cs
50%
37 Rb
50%
82 Bi
49%
36 Kr
49%
90 Pa
49%
74 Re
49%
49 In
48%
101 No
47%
77 Pt
47%
45 Rh
47%
38 Sr
47%
70 Lu
46%
58 Pr
46%
93 Pu
46%
79 Hg
45%
21 Sc
45%
84 At
44%
113 Fl
44%
81 Pb
44%
80 Tl
44%
94 Am
42%
48 Cd
42%
88 Ac
41%
117 Og
41%
50 Sn
41%
41 Nb
40%
75 Os
40%
62 Eu
39%
85 Rn
39%
40 Zr
39%
67 Er
37%
76 Ir
37%
66 Ho
36%
46 Pd
35%
43 Tc
34%
106 Bh
33%
61 Sm
33%
100 Md
32%
116 Ts
32%
71 Hf
31%
114 Mc
31%
89 Th
31%
111 Cn
30%
104 Db
30%
109 Ds
30%
115 Lv
30%
59 Nd
30%
60 Pm
30%
97 Cf
29%
95 Cm
29%
63 Gd
29%
102 Lr
29%
112 Nh
29%
103 Rf
29%
108 Mt
28%
68 Tm
27%
65 Dy
26%
107 Hs
26%
92 Np
26%
64 Tb
25%
96 Bk
24%
99 Fm
24%
110 Rg
24%
105 Sg
24%
69 Yb
21%
Nenhum quiz correspondente encontrado
Distribuição das Pontuações
Porcentagem de Pessoas com Cada Pontuação
Percentil de Números Respondidos
Sua Pontuação Histórica
Você não jogou esse quiz